Handbook of semiotics
Αποθηκεύτηκε σε:
| Κύριος συγγραφέας: | |
|---|---|
| Μορφή: | Βιβλίο |
| Γλώσσα: | English German |
| Δημοσίευση: |
Bloomington ; Indianapolis :
Indiana University Press,
1990.
|
| Σειρά: | Advances in semiotics
|
| Θέματα: | |
| Ετικέτες: |
Προσθήκη ετικέτας
Δεν υπάρχουν, Καταχωρήστε ετικέτα πρώτοι!
|
MARC
| LEADER | 00000cam a2200000 i 4500 | ||
|---|---|---|---|
| 001 | 1/65137 | ||
| 008 | 931006s1990 inu| ||| |||| ||eng|| | ||
| 020 | |a 0253341205 | ||
| 035 | |a ΛΕΣΒΟΣb10001504 |l 10001504 | ||
| 040 | |a GR-MyUA |b gre |e AACR2 | ||
| 041 | 0 | 1 | |a eng |h ger |
| 082 | 0 | |a 302.2 | |
| 100 | 1 | |a Noth, Winfried. | |
| 245 | 1 | 0 | |a Handbook of semiotics / |c Winfried Noth. |
| 260 | |a Bloomington ; Indianapolis : |b Indiana University Press, |c 1990. | ||
| 300 | |a 480 σ. | ||
| 490 | 1 | |a (Advances in semiotics) | |
| 504 | |a Βιβλιογραφία: σ. 481-550. Ευρετήρια. | ||
| 650 | 0 | 0 | |a Semiotics |x Handbooks, manuals, etc. |
| 650 | 0 | 0 | |a Communication |x Handbooks, manuals, etc. |
| 765 | 0 | 8 | |i Μετάφραση του: |t Handbuch der Semiotik / |
| 830 | 0 | |a Advances in semiotics | |
| 852 | |a INST |b LESVOS |e 19960131 |h 302.2 NOT |p 005100007312 |q 005100007312 |t REF |y 23 | ||
| 852 | |a INST |b LESVOS |e 19931006 |h 302.2 NOT |p 005100025371 |q 005100025371 |t REF |y 12 | ||
| 909 | |a Λ |b 019916 | ||